Textbook of medical virology / (Record no. 43196)
[ view plain ]
| 000 -LEADER | |
|---|---|
| fixed length control field | 00986cam4a220032500 4500 |
| 001 - CONTROL NUMBER | |
| control field | lce00052462 |
| 008 - FIXED-LENGTH DATA ELEMENTS--GENERAL INFORMATION | |
| fixed length control field | 690910s1969 enkaf b 001 0 eng b |
| 010 ## - LIBRARY OF CONGRESS CONTROL NUMBER | |
| LC control number | 75361298 //r85 |
| 015 ## - NATIONAL BIBLIOGRAPHY NUMBER | |
| National bibliography number | B69-08491 |
| 020 ## - INTERNATIONAL STANDARD BOOK NUMBER | |
| International Standard Book Number | 0632050403 |
| 020 ## - INTERNATIONAL STANDARD BOOK NUMBER | |
| Terms of availability | 60/- |
| 035 ## - SYSTEM CONTROL NUMBER | |
| System control number | (Sirsi) r67317 |
| 035 ## - SYSTEM CONTROL NUMBER | |
| System control number | (DLC) 75361298 //r85 |
| 035 ## - SYSTEM CONTROL NUMBER | |
| System control number | (UPRA)lce00052462 |
| 040 ## - CATALOGING SOURCE | |
| Modifying agency | UPRA |
| 050 1# - LIBRARY OF CONGRESS CALL NUMBER | |
| Classification number | RC114.5 |
| 060 ## - NATIONAL LIBRARY OF MEDICINE CALL NUMBER | |
| Classification number | WC 500 |
| Item number | C678t 1969 |
| 082 ## - DEWEY DECIMAL CLASSIFICATION NUMBER | |
| Classification number | 616.01/94 |
| 100 1# - MAIN ENTRY--PERSONAL NAME | |
| Personal name | Cohen, Arnold. |
| Linkage | A27994.1 |
| 245 10 - TITLE STATEMENT | |
| Title | Textbook of medical virology / |
| Statement of responsibility, etc. | [by] A. Cohen. |
| 260 ## - PUBLICATION, DISTRIBUTION, ETC. | |
| Place of publication, distribution, etc. | Oxford ; Edinburgh : |
| -- | Oxford ; Edinburgh : |
| Name of publisher, distributor, etc. | Blackwell Scientific, |
| Date of publication, distribution, etc. | 1969. |
| 504 ## - BIBLIOGRAPHY, ETC. NOTE | |
| Bibliography, etc. note | Bibliography: p. 518-522. |
| 650 #0 - SUBJECT ADDED ENTRY--TOPICAL TERM | |
| Topical term or geographic name entry element | Virus diseases. |
| Linkage | S7085.1 |
| 650 #0 - SUBJECT ADDED ENTRY--TOPICAL TERM | |
| Topical term or geographic name entry element | Medical virology. |
| Linkage | S20173.1 |
| 650 #2 - SUBJECT ADDED ENTRY--TOPICAL TERM | |
| Topical term or geographic name entry element | Virus Diseases. |
| Linkage | S7085.2 |
| 650 #2 - SUBJECT ADDED ENTRY--TOPICAL TERM | |
| Topical term or geographic name entry element | Viruses. |
| Linkage | S4500.1 |
| 949 ## - LOCAL PROCESSING INFORMATION (OCLC) | |
| a | RC114.5 |
| w | LC |
| i | -90198 |
| m | MEDICAL |
| t | BOOK |
| l | ON-SHELF |
| 949 ## - LOCAL PROCESSING INFORMATION (OCLC) | |
| a | RC114.5 |
| w | LC |
| i | -90199 |
| m | MEDICAL |
| t | BOOK |
| l | ON-SHELF |
| Withdrawn status | Lost status | Source of classification or shelving scheme | Damaged status | Not for loan | Home library | Current library | Shelving location | Total Checkouts | Full call number | Barcode | Date last seen | Copy number | Price effective from | Koha item type |
|---|---|---|---|---|---|---|---|---|---|---|---|---|---|---|
| Library of Congress Classification | Medical Library | Medical Library | On Shelf | RC114.5 COH 1969 | 33729000130240 | 08/13/2019 | 1 | 08/13/2019 | Book | |||||
| Library of Congress Classification | Medical Library | Medical Library | On Shelf | RC114.5 COH 1969 | 33729005148791 | 08/13/2019 | 2 | 08/13/2019 | Book |